MARC

LEADER 00000nam0a2200000 4500
001 161786
005 20231031160027.0
035 |a (RuTPU)RU\TPU\book\175440 
090 |a 161786 
100 |a 20090613d1990 k y0rusy50 ca 
101 0 |a rus 
102 |a RU 
105 |a a z 001zy 
200 1 |a Дистанционные методы в геологии нефи и газа  |e сборник научных трудов  |f Западно-Сибирский научно-исследовательский геологоразведочный нефтяной институт (ЗапСибНИГНИ) ; под ред. А. Я. Малыхина 
210 |a Тюмень  |d 1990 
215 |a 160 с.  |c ил. 
320 |a Библиогр. в конце ст. 
610 1 |a нефть 
610 1 |a газ 
610 1 |a геология 
610 1 |a дистанционные методы 
610 1 |a горные породы 
610 1 |a нефтегазоносные толщи 
610 1 |a Западная Сибирь 
675 |a 553.98:550.83  |v 3 
702 1 |a Малыхин  |b А. Я.  |4 340 
712 0 2 |a Западно-Сибирский научно-исследовательский геологоразведочный нефтяной институт (ЗапСибНИГНИ)  |c (Тюмень)  |2 stltpush  |3 (RuTPU)RU\TPU\col\2064 
801 1 |a RU  |b 63413507  |c 20090613  |g PSBO 
801 2 |a RU  |b 63413507  |c 20100902  |g RCR 
942 |c BK